|
|
|
|
| LEADER |
00000nas a2200000 a 4500 |
| 001 |
ssj0002600 |
| 003 |
WaSeSS |
| 005 |
20200512172242.0 |
| 006 |
m d |
| 007 |
cr n |
| 008 |
811230d19812010ilumn p s 0 a0eng d |
| 010 |
|
|
|a 82641297
|z sn 81005403
|
| 022 |
|
|
|l 0744-1002
|y 0744-1002
|
| 032 |
|
|
|a 936700
|b USPS
|
| 035 |
|
|
|a (WaSeSS)ssj0002600
|
| 037 |
|
|
|b General Learning Corp., 60 Revere Dr., Northbrook, IL 60062-1563
|
| 040 |
|
|
|a NSD
|b eng
|c NSD
|d DLC
|d AIP
|d NSD
|d DLC
|d NSD
|d NST
|d DLC
|d OCL
|d OCLCQ
|d MUQ
|d UQ1
|d OCLCQ
|d ZAD
|d DLC
|d OCLCQ
|d OCLCF
|d OCLCQ
|d OCLCO
|d OCLCA
|d GILDS
|d WaSeSS
|
| 042 |
|
|
|a lcac
|a nsdp
|
| 050 |
0 |
0 |
|a HF5381.A1
|b C2853
|
| 082 |
0 |
|
|a 331.17/02/05
|2 19
|
| 130 |
0 |
|
|a Career world (Highland Park, Ill.)
|
| 210 |
0 |
|
|a Career world
|b (Highland Park, Ill. 1981)
|
| 222 |
|
0 |
|a Career world
|b (Highland Park, Ill. 1981)
|
| 245 |
1 |
0 |
|a Career world
|h [electronic resource] /
|c Curriculum Innovations, Inc.
|
| 260 |
|
|
|a Highland Park, Ill. :
|b Curriculum Innovations
|
| 310 |
|
|
|a Monthly (Sept.-May)
|
| 362 |
1 |
|
|a Began with issue for Sept. 1981; ceased with v. 38, no. 6 (Apr./May 2010).
|
| 500 |
|
|
|a Issues for <May 1989-> published: Northbrook, IL : General Learning Corp.
|
| 500 |
|
|
|a "Accompanied by a brief, separately paged insert labelled Teacher's edition."
|
| 506 |
|
|
|a License restrictions may limit access.
|
| 580 |
|
|
|a Formed by the union of: Career world 1; and, Career world 2.
|
| 588 |
|
|
|a Description based on: Vol. 10, no. 3 (Nov. 1981); title from cover.
|
| 588 |
|
|
|a Latest issue consulted: Vol. 17, no. 9 (May 1989).
|
| 650 |
|
0 |
|a Vocational guidance
|v Periodicals
|v Juvenile literature.
|
| 650 |
|
0 |
|a Occupations
|v Periodicals
|v Juvenile literature.
|
| 650 |
|
1 |
|a Vocational guidance
|v Periodicals.
|
| 650 |
|
1 |
|a Occupations
|v Periodicals.
|
| 650 |
|
1 |
|a Periodicals.
|
| 650 |
|
6 |
|a Orientation professionnelle
|x Ouvrages pour la jeunesse
|v Périodiques.
|
| 650 |
|
6 |
|a Professions
|x Ouvrages pour la jeunesse
|v Périodiques.
|
| 650 |
|
7 |
|a Occupations.
|2 fast
|0 (OCoLC)fst01043384
|
| 650 |
|
7 |
|a Vocational guidance.
|2 fast
|0 (OCoLC)fst01168579
|
| 650 |
|
7 |
|a Profession.
|2 rasuqam
|
| 650 |
1 |
7 |
|a Carrière.
|2 rasuqam
|
| 650 |
1 |
7 |
|a Orientation professionnelle.
|2 rasuqam
|
| 655 |
|
0 |
|a Electronic journals.
|
| 780 |
1 |
4 |
|t Career world 1
|x 0198-7615
|w (DLC) 78641169
|
| 780 |
1 |
4 |
|t Career world 2
|x 0198-7623
|w (DLC) 78641168
|
| 850 |
|
|
|a ArU
|a DLC
|
| 856 |
4 |
0 |
|z Full text available from Research Library: 01/01/1995 to 04/30/2010
|u https://search.proquest.com/publication/6384
|